LEADER 02734 am 22006013u 450 001 9910255446803321 005 20231002175924.0 010 $a1-84964-986-3 010 $a1-84964-985-5 035 $a(CKB)3710000000072246 035 $a(EBL)3386743 035 $a(SSID)ssj0001152273 035 $a(PQKBManifestationID)11654168 035 $a(PQKBTitleCode)TC0001152273 035 $a(PQKBWorkID)11145692 035 $a(PQKB)10234962 035 $a(Au-PeEL)EBL3386743 035 $a(CaPaEBR)ebr10804926 035 $a(CaONFJC)MIL986711 035 $a(OCoLC)923335824 035 $a(OCoLC)953055615 035 $a(ScCtBLL)a6ca6692-59ad-4a40-9fac-c125545ba5c7 035 $a(MiAaPQ)EBC3386743 035 $a(PPN)272874019 035 $a(EXLCZ)993710000000072246 100 $a20131217d2014 uy 0 101 0 $aeng 135 $aur|n|---||||| 181 $ctxt 182 $cc 183 $acr 200 10$aAfter queer theory $ethe limits of sexual politics /$fJames Penney 210 1$aLondon :$cPluto Press,$d2014. 215 $a1 online resource (224 p.) 300 $aDescription based upon print version of record. 311 $a0-7453-3378-8 311 $a0-7453-3379-6 320 $aIncludes bibliographical references and index. 327 $aIntroduction : after queer theory - manifesto and consequences -- Currents of queer -- The universal alternative -- Is there a queer Marxism? -- Capitalism and schizoanalysis -- The sameness of sexual difference -- From the antisocial to the immortal. 330 $aAfter Queer Theory makes the provocative claim that queer theory has run its course, made obsolete by the elaboration of its own logic within capitalism. James Penney argues that far from signalling the end of anti-homophobic criticism, however, the end of queer presents the occasion to rethink the relation between sexuality and politics. Through a critical return to Marxism and psychoanalysis (Freud and Lacan), Penney insists that the way to implant sexuality in the field of political antagonism is paradoxically to abandon the exhausted premise of a politicised sexuality. After Queer Theory argues that it is necessary to wrest sexuality from the dead end of identity politics, opening it up to a universal emancipatory struggle beyond the reach of capitalism's powers of commodification. 606 $aQueer theory 606 $aGender identity 615 0$aQueer theory. 615 0$aGender identity. 676 $a306.7601 700 $aPenney$b James$f1971-$0974431 801 0$bMiAaPQ 801 1$bMiAaPQ 801 2$bMiAaPQ 906 $aBOOK 912 $a9910255446803321 996 $aAfter queer theory$92218433 997 $aUNINA LEADER 02171nam 2200529 450 001 9910793688903321 005 20220528131320.0 010 $a3-96456-318-8 024 7 $a10.31819/9783964563187 035 $a(CKB)4100000008167866 035 $a(DE-B1597)516519 035 $a(OCoLC)607809803 035 $a(DE-B1597)9783964563187 035 $a(MiAaPQ)EBC6469389 035 $a(Au-PeEL)EBL6469389 035 $a(MiAaPQ)EBC6769797 035 $a(OCoLC)1252203720 035 $a(FlNmELB)ELB174168 035 $a(EXLCZ)994100000008167866 100 $a20220528d2006 uy 0 101 0 $aspa 135 $aur||#|||||||| 181 $ctxt$2rdacontent 182 $cc$2rdamedia 183 $acr$2rdacarrier 200 13$aEl Arte de Morir $eLa Puesta en Escena de la Muerte en un Tratado Del Siglo XV /$fRebeca Sanmarti?n Bastida 210 1$aMadrid :$cIberoamericana ;$aFrankfurt am Main :$cVervuert,$d[2006] 210 4$d©2006 215 $a1 online resource (226 p.) 225 1 $aMedievalia Hispanica ;$v10 311 0 $a84-8489-256-5 320 $aBibliografi?a: pa?ginas 209-223. 327 $tFront matter --$tAgradecimientos --$tÍndice De Abreviaturas --$tÍndice De Figuras --$tPresentación --$tCapítulo 1. La Regulación Alegórica --$tCapítulo 2. El Teatro Y La Muerte --$tCapítulo 3. Sobre La Autotanatografía Medieval, La Repetición Y La Memoria --$tCapítulo 4. La Confesión Según El Arte --$tCapítulo 5. Final: De La Muerte En El Siglo XV --$tBibliografía Citada --$tÍndice 330 $aA partir del "Ars moriendi", manual cristiano de mediados del siglo XV que enseña a morir santamente, la autora analiza el ritual regulado que representa el hombre al final de su vida. 410 0$aMedievalia Hispanica ;$v10. 606 $aDeath$xReligious aspects 610 $aMuerte$aAspectos religiosos$aSiglo XV. 615 0$aDeath$xReligious aspects. 676 $a291.23 700 $aSanmarti?n Bastida$b Rebeca$01548039 801 0$bMiAaPQ 801 1$bMiAaPQ 801 2$bMiAaPQ 906 $aBOOK 912 $a9910793688903321 996 $aEl Arte de Morir$93804784 997 $aUNINA